| 000 | 01074cam a2200325 i 4500 | ||
|---|---|---|---|
| 008 | |||
| 020 | _a9782940496143 (pbk.) | ||
| 049 | _aMAIN | ||
| 090 |
_aREF TT497 _bGWI |
||
| 100 | 1 | _aGwilt, Alison. | |
| 245 | 1 | 2 |
_aA practical guide to sustainable fashion / _cAlison Gwilt. |
| 260 |
_aLondon : _bFairchild Books, an imprint of Bloomsbury, _c2014. |
||
| 300 |
_a175 p. : _bcol. ill. ; _c23 cm. |
||
| 440 | 0 | _aBasic fashion design. | |
| 500 | _aIncludes index. | ||
| 504 | _aIncludes bibliographical references. | ||
| 650 | 0 |
_aClothing trade _xEnvironmental aspects. |
|
| 650 | 0 |
_aClothing trade _xMoral and ethical aspects. |
|
| 650 | 0 |
_aFashion design _xEnvironmental aspects. |
|
| 650 | 0 |
_aFashion design _xMoral and ethical aspects. |
|
| 650 | 0 | _aSustainability. | |
| 650 | 0 | _aSustainable design. | |
| 650 | 7 | _aDESIGN / Textile & Costume. | |
| 650 | 7 | _aDESIGN / Fashion. | |
| 907 |
_a.b10391484 _b03-09-18 _c31-08-18 |
||
| 003 | |||
| 005 | 20230120191438.0 | ||
| 040 | _cNUST | ||
| 942 |
_cBOOKS _kREF TT497 _mGWI |
||
| 999 |
_c101282 _d101282 |
||